000 00729nam a2200181Ia 4500
008 090124s9999 xx 000 0 und d
082 _b113093
100 _aप्रफुल्लदत्त ( तेंडुलकर दत्तात्रय विष्णू )
245 _a राम जवळकर
250 _a1
260 _c1969
300 _a131
600 _aप्रफुल्लदत्त ( तेंडुलकर दत्तात्रय विष्णू )
630 _a राम जवळकर
700 _aप्रफुल्लदत्त ( तेंडुलकर दत्तात्रय विष्णू )
730 _a राम जवळकर
942 _cBOOK
999 _c159184
_d159184